| 000 | 01185nam a22003377a 4500 | ||
|---|---|---|---|
| 003 | CHAP | ||
| 005 | 20220329140845.0 | ||
| 008 | 971013s1983 r 00010 d | ||
| 010 | _a58749 | ||
| 011 | _a59721 | ||
| 035 | _a63881 | ||
| 040 | _cCHAP | ||
| 082 |
_a634.072 _bI55 |
||
| 110 |
_aINIFAP. México. Campo Agrícola Experimental La Laguna _958739 |
||
| 245 |
_aFruticultura _b: informe de investigación |
||
| 260 |
_aMatamoros, Coah. : _bEl Instituto, _c1983 |
||
| 300 | _av. | ||
| 500 | _aLa biblioteca tiene: 1979-83 c. de : INIA. México. Campo... | ||
| 590 |
_aBATCH-UPD _b10 _c20130110 _lUCH01 _h0344 |
||
| 590 |
_aBATCH-UPD _b10 _c20130110 _lUCH01 _h1907 |
||
| 590 |
_aBATCH-UPD _b10 _c20130410 _lUCH01 _h0017 |
||
| 590 |
_aBATCH-UPD _b10 _c20130914 _lUCH01 _h1448 |
||
| 590 |
_aCONVERSION _b10 _c20130109 _lUCH01 _h1332 |
||
| 650 | 1 | 4 |
_aFruticultura _xCoahuila. _943709 |
| 650 | 1 | 4 |
_aFruticultura _xComarca Lagunera. _943711 |
| 650 | 1 | 4 |
_aFruticultura _xInvestigación. _943728 |
| 901 | _aBK | ||
| 942 | _cLIBRO | ||
| 949 |
_a634.072 I55 _bBC _cCONG _d-149065 _eCONG _f1985 _h87160 _i63881 _si |
||
| 949 |
_a634.072 I55 _bBC _cLIBRO _d33724002204496 _eLIBRO _f1979-83 _h69723 _i63881 _si |
||
| 999 |
_c58749 _d58749 |
||